G45-大广高速公路途径行政区 - Statistics

General Stats
  • This quiz has been taken 13 times
  • The average score is 30 of 37
Answer Stats
Answer % Correct
大庆
100%
松原
100%
通辽
100%
赤峰
100%
承德
100%
北京
100%
廊坊
100%
保定
100%
沧州
100%
四平
92%
保定
92%
沧州
92%
衡水
92%
邢台
92%
邯郸
92%
信阳
92%
安阳
85%
新乡
85%
开封
85%
驻马店
85%
周口
77%
黄冈
77%
武汉
77%
濮阳
69%
黄冈
69%
黄石
69%
鄂州
69%
黄石
69%
新余
69%
吉安
69%
赣州
69%
河源
69%
九江
62%
宜春
62%
广州
62%
咸宁
54%
韶关
54%
No matching quizzes found
Score Distribution
Percent of People with Each Score
Percentile by Number Answered
Your Score History
You have not taken this quiz